书目信息 |
| 题名: |
怡情四书
|
|
| 作者: | 薛友 编注 | |
| 分册: | ||
| 出版信息: | 武汉 崇文书局 2010 |
|
| 页数: | 264页 | |
| 开本: | 23cm | |
| 丛书名: | 古籍今读精华系列 | |
| 单 册: | ||
| 中图分类: | Z429.2 , JY6 | |
| 科图分类: | ||
| 主题词: | 杂著--中国--古代--选集 , 艺术 | |
| 电子资源: | ||
| ISBN: | 978-7-5403-0225-2 | |
| 000 | 00963oam2 2200289 450 | |
| 001 | 1540499638 | |
| 005 | 20150118205307.32 | |
| 010 | @a978-7-5403-0225-2@dCNY29.00 | |
| 100 | @a20100422d2010 em y0chiy50 ea | |
| 101 | 0 | @achi |
| 102 | @aCN@b420000 | |
| 105 | @ay z 000yy | |
| 200 | 1 | @a怡情四书@9yi qing si shu@f薛友编注 |
| 210 | @a武汉@c崇文书局@d2010 | |
| 215 | @a264页@d23cm | |
| 225 | 2 | @a古籍今读精华系列 |
| 308 | @a版权页丛书名:崇文斋·古籍今读精华系列 | |
| 327 | 1 | @a瓶史/袁宏道原著;薛华编注@a声容/李渔原著;宋俭编注@a觞政/袁宏道原著;冻栋编注@a茶经/陆羽原著;王雅红编注 |
| 330 | @a本书收录古代谈花论酒、品茶赏美的上乘之作,对其展现生活的情趣、文人的雅趣的文字进行注释、给出晓畅的白话文。 | |
| 461 | 0 | @12001 @a古籍今读精华系列 |
| 606 | 0 | @a杂著@y中国@z古代@j选集 |
| 606 | 0 | @a艺术 |
| 690 | @aZ429.2@v5 | |
| 690 | @aJY6@v4 | |
| 701 | 0 | @a薛友@9xue you@c(古籍)@4编注 |
| 801 | 0 | @aCN@bTSSF@c20150117 |
| 905 | @aZUCC@dZ429.2@eJY1 | |
| 怡情四书/薛友编注.-武汉:崇文书局,2010 |
| 264页;23cm.-(古籍今读精华系列) |
| 部分内容:瓶史/袁宏道原著;薛华编注;声容/李渔原著;宋俭编注;觞政/袁宏道原著;冻栋编注;茶经/陆羽原著;王雅红编注 |
| ISBN 978-7-5403-0225-2:CNY29.00 |
| 本书收录古代谈花论酒、品茶赏美的上乘之作,对其展现生活的情趣、文人的雅趣的文字进行注释、给出晓畅的白话文。 |
| ● |
| 相关链接 |
|
|
|
|
正题名:怡情四书
索取号:Z429.2/JY1
 
预约/预借
| 序号 | 登录号 | 条形码 | 馆藏地/架位号 | 状态 | 备注 |
| 1 | 7852590 | 278525909 | 学院路分馆/ [索取号:Z429.2/JY1] | 在馆 | |
| 2 | 7852591 | 278525918 | 学院路分馆/ [索取号:Z429.2/JY1] | 在馆 |